00916nam a2200253 i 4500001000300000100002300003245015600026260003000182300002100212500003200233650006900265710004400334020001500378040000800393041000800401080000800409080001500417920001800432942000700450008004100457999001700498856009800515952004900613bg1 aGutkowski, Bogdan.10aAktualne przepisy w ochronie środowiska :bsuplement nr 2 do poradnika - wyd. 1999 /c[Bogdan Gutkowski] ; Agencja Ochrony Środowiska w Koszalinie. aKoszalin :bAOŚ,c2000. a103 s. ;c30 cm. aVerso kart nie zadrukowane. 9aŚrodowisko człowiekaxochronaxprawozPolskaystan na 2000 r.0 aAgencja Ochrony Środowiska (Koszalin) a8390925087 cBPK0 apol a504 a349.6(438) a83-909250-8-7 cKS s pl f |000 0 pol  c37617d37617 uhttp://koha.tu.koszalin.pl/cgi-bin/koha/opac-detail.pl?biblionumber=37617yKatalog online BPK 00104070aBPKbBPKcwo53999p01491494yKS